| 000 | 00532cam a2200193ua 4500 | ||
|---|---|---|---|
| 020 | _c350.00 | ||
| 041 |
_aeng _h |
||
| 082 |
_a621.3 _bALC/IN |
||
| 100 | _aAlciatore, David G . | ||
| 245 |
_aIntroduction to mechatronics and measurement systems / _cDavid G Alciatore. _hTextual Documents |
||
| 250 |
_a3 / _b. |
||
| 260 |
_aNew Delhi : _bTata Mc-Graw Hill Publishing Company , _c2007. |
||
| 300 | _a ; . | ||
| 365 | _a350.00 | ||
| 504 | _a | ||
| 700 | 1 | _aHistand, Michael B . | |
| 942 | _cBK | ||
| 999 |
_c13409 _d13409 |
||